<?xml version="1.0" encoding="UTF-8"?>
<record
    xmlns:xsi="http://www.w3.org/2001/XMLSchema-instance"
    xsi:schemaLocation="http://www.loc.gov/MARC21/slim http://www.loc.gov/standards/marcxml/schema/MARC21slim.xsd"
    xmlns="http://www.loc.gov/MARC21/slim">

  <leader>00630nam a22001337a 4500</leader>
  <datafield tag="041" ind1=" " ind2=" ">
    <subfield code="a">ENG</subfield>
  </datafield>
  <datafield tag="082" ind1=" " ind2=" ">
    <subfield code="a">297</subfield>
    <subfield code="b">RAA</subfield>
  </datafield>
  <datafield tag="100" ind1=" " ind2=" ">
    <subfield code="a">Raana Bokhari,</subfield>
  </datafield>
  <datafield tag="245" ind1=" " ind2=" ">
    <subfield code="a">An Illustrated Guide to Islamic Faith</subfield>
  </datafield>
  <datafield tag="260" ind1=" " ind2=" ">
    <subfield code="a">Leicestershire [England], </subfield>
    <subfield code="b">Southwater, Wigston,</subfield>
    <subfield code="c">2011</subfield>
  </datafield>
  <datafield tag="300" ind1=" " ind2=" ">
    <subfield code="a">160 pages : illustrations (chiefly color) ;</subfield>
    <subfield code="b">30 cm</subfield>
  </datafield>
  <datafield tag="520" ind1=" " ind2=" ">
    <subfield code="a">Islam is one of the world's younger faiths, yet in its 1400-year history its impact has been astonishing and immense. The purpose of this book is to provide a refreshing and detailed guide to and insight into the beliefs and religious practices of the Islamic faith
Print</subfield>
  </datafield>
  <datafield tag="942" ind1=" " ind2=" ">
    <subfield code="c">BK</subfield>
  </datafield>
  <datafield tag="952" ind1=" " ind2=" ">
    <subfield code="0">0</subfield>
    <subfield code="1">0</subfield>
    <subfield code="4">0</subfield>
    <subfield code="7">0</subfield>
    <subfield code="a">HMI</subfield>
    <subfield code="b">HMI</subfield>
    <subfield code="c">GEN</subfield>
    <subfield code="d">2024-06-03</subfield>
    <subfield code="e">Kohinoor Book Distributor</subfield>
    <subfield code="g">1993.00</subfield>
    <subfield code="l">0</subfield>
    <subfield code="o">297 RAA</subfield>
    <subfield code="p">25962</subfield>
    <subfield code="r">2024-06-03</subfield>
    <subfield code="w">2024-06-03</subfield>
    <subfield code="y">BK</subfield>
  </datafield>
  <datafield tag="999" ind1=" " ind2=" ">
    <subfield code="c">23467</subfield>
    <subfield code="d">23467</subfield>
  </datafield>
</record>
